Agricultural biotechnology in international development (Record no. 42630)

MARC details
000 -LEADER
fixed length control field 00433nam a2200145Ia 4500
082 ## - DEWEY DECIMAL CLASSIFICATION NUMBER
Classification number 573.6:631
Item number IVE
100 ## - MAIN ENTRY--AUTHOR NAME
Personal name Bedford, B M
245 #0 - TITLE STATEMENT
Title Agricultural biotechnology in international development
260 ## - PUBLICATION, DISTRIBUTION, ETC. (IMPRINT)
Place of publication UK
Name of publisher CABI Publishing
Year of publication 1998
490 ## - SERIES STATEMENT
Series statement Biotechnology in agriculture series. No. 21
650 ## - SUBJECT ADDED ENTRY--TOPICAL TERM
Topical Term Agrricuultural biotechnology
700 ## - ADDED ENTRY--PERSONAL NAME
Personal name Ives, C L
942 ## - ADDED ENTRY ELEMENTS (KOHA)
Koha item type Books
Holdings
Withdrawn status Lost status Damaged status Not for loan Home library Current library Date acquired Cost, normal purchase price Full call number Accession Number Koha item type
        RRII Library RRII Library 16/12/2021 65.00 573.6:631 IVE 22899 Books